Órou, órou, madi am rou

Bibliographic Details
Main Author: Ráš, K. I. (Author)
Format: Article
Language:Slovak
PhysicalDescription:Fotogr.
ISSN:0323-2883
Subjects:

MARC

LEADER 00000nab a2200000 a 4500
001 vtls000621292
003 SK-MaSNL
005 20260304092842.0
008 250425c1997 xo 0 slo
015 |a SNBRB19rr/mm-uuuuu 
035 |a CL0621431 
035 |a urn:nbn:sk:snk-abdpls 
035 |a (urnnbn)urn:nbn:sk:snk:ar-005vul 
035 |a (uuid)c0fe4c41-c13b-418e-b831-16992cdef915 
040 |a SNKBUCL  |b slo  |c SNKBUCL  |e AACR2 
041 0 |a slo 
044 |a xo  |c SK 
080 |a 792.9:792.2  |2 1981 
080 |a 792.2  |2 1981 
100 1 |a Ráš, K. I.  |4 aut  |9 1101292 
245 1 0 |a Órou, órou, madi am rou  |c K. I. Ráš 
300 |b Fotogr. 
600 1 7 |a Gozzi, Carlo,  |d 1720-1806  |t Kráľ jeleňom  |2 snkbucl  |9 1206549 
610 2 7 |a Bábkové divadlo v Košiciach  |2 snkbucl  |9 29577 
655 7 |a recenzie  |2 snkbucl  |9 21907 
655 7 |a články z novín a časopisov  |2 snkbucl  |9 267496 
773 0 |t Javisko  |g Roč. 29, č. 4 (1997), s. 14-15  |x 0323-2883 
850 |a Slovenská národná knižnica 
852 |a Slovenská národná knižnica 
954 |a odborná, vedecká literatúra pôvodná (slovenská)  |2 lita 
958 |a article19 
958 |a OND 
958 |a EUIPO 
992 |a RBX 
999 |c 2820549  |d 2822479